Análisis de las respuestas máximas de estructuras simples para algunos sismos norteamericanos y latinoamericanos
Sábháilte in:
| Príomhchruthaitheoirí: | , , |
|---|---|
| Formáid: | LEABHAR |
| Teanga: | Spáinnis |
| Foilsithe / Cruthaithe: |
Santiago
Universidad de Chile
1974
|
| Sraith: | Publicación Ses I-3-74
|
| Ábhair: | |
| Clibeanna: |
Cuir clib leis
Níl clibeanna ann, Bí ar an gcéad duine le clib a chur leis an taifead seo!
|
MARC
| LEADER | 00000nam a2200000 a 4500 | ||
|---|---|---|---|
| 001 | UCU4572 | ||
| 003 | CL-VaPUC | ||
| 008 | 960524e19740900CL |||||||||||||||||spa|d | ||
| 082 | 0 | 4 | |a 551.22 |b ARZ |2 21 |
| 100 | 0 | |a Arzola Acuña, R. Eugenio |e author |9 362231 | |
| 700 | 0 | |a García Venegas, Hugo H |e author |9 362232 | |
| 700 | 0 | |a Saragoni H., Rodolfo |e author |9 362233 | |
| 245 | 1 | 0 | |a Análisis de las respuestas máximas de estructuras simples para algunos sismos norteamericanos y latinoamericanos |
| 300 | |a 140 p | ||
| 942 | |c BK | ||
| 945 | |d 19960524 00:00:00 |a cmena | ||
| 260 | |a Santiago |b Universidad de Chile |c 1974 | ||
| 650 | 0 | |a Sismología |9 268106 | |
| 650 | 0 | |a Geofísica |9 261453 | |
| 650 | 0 | |a Catástrofes naturales |9 268107 | |
| 650 | 0 | |a Edificios |9 260501 | |
| 650 | 0 | |a Elementos estructurales |9 350100 | |
| 650 | 7 | |a ESTRUCTURA CONSTRUCCION |2 CL-VaPUC |9 362234 | |
| 650 | 7 | |a TECNOLOGIA DE LA CONSTRUCCION |2 CL-VaPUC |9 260196 | |
| 650 | 7 | |a CIMIENTOS |2 CL-VaPUC |9 260635 | |
| 650 | 0 | |a Materiales de construcción |9 260197 | |
| 650 | 0 | |a Terremotos |9 267728 | |
| 650 | 7 | |a ENSAYOS DINAMICOS |2 CL-VaPUC |9 361282 | |
| 583 | |a last modification |c 19960524 00:00:00 |k Rodrigo Vera | ||
| 490 | 0 | |a Publicación Ses I-3-74 | |
| 999 | |c 248248 |d 248246 | ||
| 952 | |0 0 |1 0 |4 0 |6 551_220000000000000_ARZ_1974 |7 0 |8 A |9 264747 |a BIBING |b BIBING |d 2019-11-19 |i 1666789 |o 551.22 ARZ 1974 |p 1666789 |r 2025-01-20 |w 2019-11-19 |y BK |k ING | ||